Derecho penal : parte especial. Tomo I /

Guardado en:
Autor Principal: Donna, Edgardo Alberto
Formato: Libro
Idioma:Spanish
Publicado: Santa Fe : Rubinzal Culzoni, 1999.
Edición:2a. ed.
Materias:
Etiquetas: Agregar Etiqueta
Sin Etiquetas, Sea el primero en etiquetar este registro!
LEADER 00544nam a22001695a 4500
001 DER.der000040
008 180615s1999####ag#||||||||||||||#||spa||
005 20250715150848.0
245 1 0 |a Derecho penal :  |b parte especial.  |n Tomo I /  |c Edgardo Alberto Donna. 
250 |a 2a. ed. 
260 |a Santa Fe :  |b Rubinzal Culzoni,  |c 1999. 
300 |a 541 p. 
020 |a 9507274553 
100 1 |a Donna, Edgardo Alberto 
650 7 |a DERECHO PENAL 
859 |a DERECHO  |b BIB. DERECHO  |h 345  |i DON  |p 000985  |3 Tomo I 
859 |a DERECHO  |b BIB. DERECHO  |h 345  |i DON  |p 001073  |t 1  |3 Tomo I